000 00557nam a2200229Ia 4500
003 OSt
005 20220918202523.0
006 a|||||r|||| 00| 0
007 ta
008 220917b |||||||| |||| 00| 0 eng d
024 _a101,866
037 _cTextual
040 _aARTS
_cARTS
_beng
041 _2eng
_aeng
082 _aV218:72, K7.1
100 _aRao M Rama
_9104168
245 0 _aInscriptions of Andhradesa
260 _c1967
650 _aHISTORY
942 _hV218:72, K7.1
_cTEXL
_2CC
999 _c225326
_d225326